| 000 | 00556nam a2200229Ia 4500 | ||
|---|---|---|---|
| 003 | GCL | ||
| 008 | 140319s9999 xx 000 0 eng d | ||
| 040 |
_aGCL / _cGCL |
||
| 082 | 0 | 4 |
_a932 _bZ A |
| 100 | 1 | _aZAYED, ABD EL-HAMID | |
| 245 | 1 | 0 |
_aABYDOS / _cZAYED, ABD EL-HAMID |
| 260 |
_a[S.N] : _bANTIQUITIES DEPARTMENT OF EGYPT ، _c1963 |
||
| 300 | _a177 P | ||
| 650 | 0 | 4 | _aANCIENT EGYPT |
| 650 | 0 | 4 | _aHISTORY |
| 650 | 0 | 4 | _aARCHAEOLOGY |
| 650 | 0 | 4 | _aTEMPLES |
| 650 | 0 | 4 | _aABYDOS |
| 650 | 0 | 4 | _aEXCAVACTIONS |
| 650 | 0 | 4 | _aSHRINES |
| 942 |
_2ddc _cBK |
||
| 999 |
_c14618 _d14618 |
||